| 000 -CABECERA |
| Longitud fija campo de control |
00599nam a2200181 a 4500 |
| 001 - NÚMERO DE CONTROL |
| Número de control |
1241 |
| 003 - IDENTIFICADOR DEL NÚMERO DE CONTROL |
| Identificador del número de control |
CDMR |
| 005 - FECHA Y HORA DE LA ÚLTIMA TRANSACCIÓN |
| Fecha y hora de la última transacción |
20131127180132.0 |
| 008 - CÓDIGOS DE INFORMACIÓN DE LONGITUD FIJA |
| Códigos de información de longitud fija |
130130s1965||||||||||||||||||||||||||||d |
| 040 ## - FUENTE DE LA CATALOGACIÓN |
| Centro catalogador de origen |
CDMR |
| Lengua de catalogación |
cat |
| Centro transcriptor |
CDMR |
| 100 1# - PUNTO DE ACCESO PRINCIPAL-NOMBRE DE PERSONA |
| Nombre de persona |
Deutzchmann, Paul |
| 9 (RLIN) |
964 |
| 245 10 - MENCIÓN DE TÍTULO |
| Título |
Estudio comparativo de doce diarios metropolitanos |
| Mención de responsabilidad, etc. |
Paul Deutchmann ; traducción de Ramiro Samaniego |
| 260 ## - PUBLICACIÓN, DISTRIBUCIÓN, ETC. (PIE DE IMPRENTA) |
| Lugar de publicación, distribución, etc. |
Quito |
| Fecha de publicación, distribución, etc. |
1965 |
| Nombre del editor, distribuidor, etc. |
CIESPAL |
| 300 ## - DESCRIPCIÓN FÍSICA |
| Extensión |
123, IV p. |
| 490 0# - MENCIÓN DE SERIE |
| Mención de serie |
Centro Internacional de Estudios Superiores de Periodismo para América Latina |
| Designación de volumen o secuencia |
30 |
| 650 04 - PUNTO DE ACCESO ADICIONAL DE MATERIA - TÉRMINO DE MATERIA |
| 9 (RLIN) |
257 |
| Término de materia o nombre geográfico como elemento inicial |
Premsa |
| Subdivisión geográfica |
Estats Units d'Amèrica |
| 942 ## - ENTRADA DE ELEMENTOS AGREGADOS (KOHA) |
| Koha [por defecto] tipo de item |
Monografies |
| Fuente de clasificaión o esquema |
|